[Event "RUS-chT Blitz Women 2018"]
[Site "Sochi"]
[Date "2018.10.10"]
[Round "2"]
[White "Pogonina, Natalija"]
[Black "Suslova, Alena"]
[Result "1-0"]
[WhiteElo "2485"]
[BlackElo "2157"]
[Annotator "TA"]
[PlyCount "68"]
[EventDate "2018.10.10"]
[EventType "swiss"]
[EventCountry "RUS"]
[SourceTitle "playchess.com"]
[Source "ChessBase"]
[SourceQuality "1"]

{[%evp 13,68,36,42,24,38,37,39,11,18,16,14,27,66,62,109,104,82,103,148,127,127,114,127,118,175,169,200,155,154,148,197,125,229,199,237,227,347,347,503,127,383,372,372,366,371,376,566,168,431,0,508,389,381,376,852,844,1852]} 1. d4 g6 2. c4 Bg7 3. Nc3 Nf6 4. Nf3 O-O 5. e3 d6 6. Be2 Nc6 7. O-O e5 {LiveBook: 17 Games} 8. h3 {A25: English Opening vs King's Indian with ...Nc6 but without early d3} (8. d5 Ne7 9. b4 a5 10. bxa5 Rxa5 11. Nd2 Nd7 12. Nb3 Ra8 13. a4 f5 14. Ba3 e4 15. Qc2 b6 {1-0 (23) Kuzubov,Y (2638)-Onischuk,V (2614) Lvov 2016}) 8... Nd7 9. d5 Ne7 10. e4 {White is slightly better.} a5 11. a3 {[%cal Ba2a3,Ba3b4,Bb4c5,Bc5d6][%mdl 32]} Nc5 12. Be3 $146 ({Predecessor:} 12. Qc2 f5 13. Nd2 f4 14. Ra2 a4 15. b4 axb3 16. Nxb3 {0-1 (35) Glasser,T (1720)-Osipenko,P (2042) Berlin 2015}) 12... h6 13. b4 $36 {[%mdl 2048] White is more active.} axb4 14. axb4 Rxa1 15. Qxa1 Na6 16. Qa3 f5 17. c5 fxe4 18. Nd2 dxc5 (18... Nf5 $16) 19. bxc5 $18 Kh7 ({Don't blunder} 19... Nxd5 $2 20. Nxd5 Nb8 21. Nb4 $18) 20. Bc4 ({Stronger than} 20. Ncxe4 Nxd5 21. c6 Nxe3 $11) 20... Nf5 21. Ndxe4 Nd4 22. Qb2 (22. Rb1 $18) 22... Re8 (22... Qh4 $16) 23. d6 cxd6 24. cxd6 Qd7 (24... Rf8 $142 25. Bd5 Nb8) 25. Nd5 Qd8 (25... Rf8 $142 26. Nb6 Qe8) 26. Nb6 $2 {[#]} (26. f4 $18 {Threatens to win with fxe5.} Nc5 27. fxe5 Nxe4 28. Bxd4) 26... Nb8 $2 {[%mdl 8192]} (26... Bf5 $16 {was necessary.} 27. d7 Rf8) 27. Nxc8 Qxc8 28. Bd5 Nbc6 29. Rb1 Qf5 (29... Nd8 $142 30. Qb6 Qc2) 30. Ng3 $2 {[#]} (30. Qxb7 Nd8 31. Qa7) 30... Qd7 $2 (30... Qf8 {keeps fighting.} 31. Ne4 (31. Qxb7 Rb8 $11) 31... Rd8) 31. Ne4 Qf5 $1 32. Kh2 Rb8 33. Qb6 h5 $2 (33... Qf8 34. Bxd4 Nxd4) 34. Qc7 h4 {Precision: White = 63%, Black = 24%.} 1-0

[Event "RUS-chT Blitz Women 2018"]
[Site "Sochi"]
[Date "2018.10.10"]
[Round "2"]
[White "Ovod, Evgenija"]
[Black "Kirchei, Viktoriia"]
[Result "0-1"]
[WhiteElo "2363"]
[BlackElo "2002"]
[Annotator "TA"]
[PlyCount "62"]
[EventDate "2018.10.10"]
[EventType "swiss"]
[EventCountry "RUS"]
[SourceTitle "playchess.com"]
[Source "ChessBase"]
[SourceQuality "1"]

{[%evp 9,62,-2,-2,-4,-6,-8,15,-2,14,-21,2,-33,125,26,28,24,27,-8,-11,-82,-52,-49,-37,-68,-81,-174,-2,0,5,-85,-80,-312,-304,-496,-454,-842,-833,-820,-813,-921,-909,-1109,-1109,-1104,-1095,-1066,-1039,-1803,-1329,-29988,-29989,-29992,-29993,-29997,-29998]} 1. d4 d5 2. Bf4 c6 3. c3 Bf5 4. Nd2 Qb6 $146 ({Predecessor:} 4... Nf6 5. e3 e6 6. Ngf3 h6 7. h3 Be7 8. Be2 Qb6 9. Qb3 {½-½ (9) Berkes,F (2647)-Pashikian,A (2650) Martuni 2009}) 5. Nb3 Nd7 6. Nf3 {D00: 1 d4 d5: Unusual lines} Ngf6 7. e3 e6 8. Be2 {The position is equal.} Be7 9. O-O O-O 10. Ne5 c5 $2 {[#]} (10... Nxe5 $15 {keeps the upper hand.} 11. Bxe5 a5) 11. dxc5 (11. g4 $1 $16 {Hoping for Nxd7.} Be4 12. g5) 11... Nxc5 $11 12. Nxc5 Bxc5 13. b4 Bd6 14. a4 (14. Nc4 $11 dxc4 15. Qxd6) 14... Qc7 15. Qd4 Ne4 16. Rac1 f6 17. Nd3 (17. Nf3 $17) 17... Kh8 $2 {[#]} (17... Nd2 $19 {...Nb3 is the strong threat.} 18. Bxd6 Qxd6) 18. Bxd6 $1 Qxd6 19. Nb2 (19. Nc5 $1 $11 {keeps the balance.}) 19... Rac8 $36 {[%mdl 2048] And now ...e5 would win. Black has strong initiative.} 20. f3 $2 (20. Bf3 $17 {is a better defense.}) 20... e5 $19 21. Qxa7 $2 (21. Qd1 Nxc3 22. Qd2 Nxe2+ 23. Qxe2) 21... Nxc3 22. Bd3 (22. Bb5 $142) 22... Bxd3 23. Nxd3 Ne2+ 24. Kf2 Nxc1 25. Rxc1 Rxc1 26. Nxc1 Qxb4 {KQR-KQN} 27. Ne2 Rc8 28. g4 h6 29. h4 Kh7 {Black mates.} 30. a5 Rc2 31. a6 Qc4 {Precision: White = 17%, Black = 58%.} 0-1

[Event "RUS-chT Blitz Women 2018"]
[Site "Sochi"]
[Date "2018.10.10"]
[Round "2"]
[White "Guseva, Marina"]
[Black "Mukhina, Jana"]
[Result "1-0"]
[WhiteElo "2292"]
[BlackElo "2072"]
[Annotator "TA"]
[PlyCount "77"]
[EventDate "2018.10.10"]
[EventType "swiss"]
[EventCountry "RUS"]
[SourceTitle "playchess.com"]
[Source "ChessBase"]
[SourceQuality "1"]

{[%evp 11,77,13,45,-62,-60,-59,-53,-40,-34,-34,-35,-33,-22,-113,-112,-150,-113,-163,-177,-164,-133,-127,-109,-97,-110,-185,-188,-354,-232,-211,-179,-196,-160,-162,-51,-58,0,0,27,13,20,25,29,27,82,80,73,21,29,2,95,0,0,0,14,3,20,37,94,22,249,220,385,16,22,8,824,822]} 1. d4 d5 2. c4 c6 3. Nc3 dxc4 4. e3 b5 5. a4 b4 6. Ne4 {D10: Damengambit (Slawische Verteidigung)} Nf6 {LiveBook: 21 Partien} (6... Qd5 $5 {[%cal Rd5e4]} 7. Nd2 c3 8. bxc3 bxc3 $11) (6... Qd5 7. Nd2 c3 8. bxc3 bxc3 9. Nb1 Qa5 10. Qc2 Na6 11. Qxc3 Qxc3+ 12. Nxc3 Nb4 13. Rb1 a5 {1-0 (79) Wojtaszek,R (2750)-Bartel,M (2604) Warsaw 2018}) 7. Ng3 (7. Nxf6+ $14 exf6 8. Bxc4) 7... Ba6 $1 $15 8. Nf3 {Schwarz steht etwas besser.} e6 9. Ne5 Be7 $146 ({Vorgänger:} 9... c5 10. Be2 cxd4 11. exd4 c3 12. bxc3 bxc3 13. O-O Bd6 14. Bf3 Bxf1 15. Qxf1 Nbd7 16. Bxa8 Qxa8 {1-0 (38) Mastrovasilis,A (2514)-Solak,D (2602) Legnica 2013}) 10. Bxc4 Bxc4 11. Nxc4 Qd5 12. Ne5 (12. Qe2 $1 $11) 12... Qxg2 $17 13. Bd2 h5 {[%cal Bh7h5,Bh5h4][%mdl 32]} (13... Ne4 14. Qf3 $17) 14. Qf3 Qxf3 15. Nxf3 h4 16. Ne2 Ne4 17. Rc1 c5 18. dxc5 (18. Rg1 $17) 18... Nxc5 $19 19. Ne5 $2 (19. Rc2) 19... a5 20. Nf4 g5 21. Nfd3 Nba6 22. Ke2 Nxd3 ({Finger weg von} 22... Nxa4 23. Rc2 $17) (22... Nb3 $19 23. Rc2 f6) 23. Nxd3 $15 Bf6 (23... f6 $15) 24. Rc6 Kd7 {[#]} 25. Rxa6 $1 {[%mdl 512]} Rxa6 26. Nc5+ Kc6 27. Nxa6 {Und weiter mit Tc1+ wäre nett.} Kb6 (27... Bxb2 $11 {bleibt in der Remisbreite.} 28. Rb1 Be5) 28. Nxb4 $1 $16 axb4 {[%mdl 4096] Endspiel KTL-KTL} 29. b3 (29. Bxb4 $16 Ka6 30. Rd1) 29... Be7 30. h3 Rc8 {[#]} (30... f5 $11) 31. Kd1 (31. Rc1 $1 $16 {[%cal Rc1c8]} Rxc1 32. Bxc1) 31... f5 32. f3 Rg8 33. Rg1 Bc5 34. Ke2 Kc6 (34... Be7 $14) 35. Rg2 ({Günstiger ist} 35. Rc1 $16 {Lxb4 ist eine echte Drohung.} Rb8 36. Rc4) 35... Kd5 $2 {[#]} (35... Bd6 $11 {und Schwarz steht sicher.}) 36. e4+ $1 {[%mdl 512]} fxe4 $2 (36... Ke5 {war einen Versuch wert.} 37. Bxg5 Rc8 38. exf5 (38. Bxh4 Bd4 $16) 38... exf5) 37. fxe4+ $2 (37. Rxg5+ $18 Rxg5 38. Bxg5) 37... Kxe4 $11 {Und ...g4! würde nun gewinnen.} 38. Rxg5 Rh8 $2 {[%mdl 8192]} (38... Rc8 $11) 39. Rxc5 {Precision: Weiß = 28%, Schwarz = 24%.} 1-0

[Event "RUS-chT Blitz Women 2018"]
[Site "Sochi"]
[Date "2018.10.10"]
[Round "2"]
[White "Styazhkina, Anna"]
[Black "Vyrtosu, Natalia"]
[Result "0-1"]
[WhiteElo "2268"]
[BlackElo "1894"]
[Annotator "TA"]
[PlyCount "61"]
[EventDate "2018.10.10"]
[EventType "swiss"]
[EventCountry "RUS"]
[SourceTitle "playchess.com"]
[Source "ChessBase"]
[SourceQuality "1"]

{[%evp 13,61,3,22,4,37,0,38,0,0,0,11,0,0,-9,-9,-50,0,0,20,0,5,9,8,-8,-8,-38,0,-29,-20,-20,-6,-21,0,-19,-22,-30,0,-51,-22,-42,-19,-45,34,28,133,139,124,116,206,210]} 1. e4 c6 2. d4 d5 3. exd5 cxd5 4. Bd3 Nc6 5. c3 g6 6. h3 Bf5 {B13: Caro-Kann: Exchange Variation and Panov-Botvinnik Attack} 7. Nf3 Nf6 {LiveBook: 45 Games} 8. Na3 {[%cal Bb1a3,Ba3c2,Bc2e3][%mdl 32]} (8. Be2 Qc7 9. O-O Bg7 10. Re1 O-O 11. Nbd2 Rfe8 12. Nf1 Rad8 13. Ng3 Ne4 14. Nxf5 gxf5 {1-0 (59) So,W (2780)-Mamedyarov,S (2801) Saint Louis 2018}) 8... Bg7 {The position is equal.} 9. O-O O-O 10. Re1 $146 ({Predecessor:} 10. Bxf5 gxf5 11. Nc2 e6 12. Nce1 Kh8 13. Nd3 Ne4 14. Bf4 Rg8 15. Qe2 Qe7 16. Kh1 {1-0 (40) Alekseev,E (2632)-Sveshnikov,V (2416) Tallinn 2017}) 10... Bxd3 11. Qxd3 Ne4 12. Nc2 Rc8 13. Ne3 e6 14. Ng4 Qc7 15. Bh6 Ne7 16. Nfe5 Nf5 17. Bxg7 Kxg7 18. f3 Ned6 19. Nf2 (19. Qd2 {keeps more tension.} h5 20. Ne3 Nxe3 21. Qxe3 Qd8 22. a4) 19... Nc4 20. Rab1 Nxe5 21. Rxe5 Qa5 22. a3 b5 23. g4 Nd6 24. Re2 a6 25. h4 ({White should play} 25. f4 $11) 25... Qd8 $15 26. h5 Qg5 27. Kh2 Qh4+ (27... Rg8 $15) 28. Kg2 $14 gxh5 (28... Qf6 $11 {keeps the balance.}) 29. Rh1 $16 Qf6 30. Rxh5 {[%csl Gh5][%cal Rd3h7] [#]} Qg6 (30... Rh8 $16) 31. Qe3 {[%mdl 32768] Precision: White = 21%, Black = 21%. . Loss on Time!?} 0-1

[Event "RUS-chT Blitz Women 2018"]
[Site "Sochi"]
[Date "2018.10.10"]
[Round "2"]
[White "Vinokur, Yuliya"]
[Black "Girya, Olga"]
[Result "0-1"]
[WhiteElo "2170"]
[BlackElo "2479"]
[Annotator "TA"]
[PlyCount "72"]
[EventDate "2018.10.10"]
[EventType "swiss"]
[EventCountry "RUS"]
[SourceTitle "playchess.com"]
[Source "ChessBase"]
[SourceQuality "1"]

{[%evp 20,72,16,0,5,4,35,8,63,30,35,33,29,26,62,50,68,31,70,37,81,29,44,16,16,16,16,17,17,-4,8,0,0,0,11,0,1,0,0,0,4,-50,0,0,38,0,9,-59,-66,-61,-59,-59,-54,-29990,-29991]} 1. d4 d5 2. c4 c6 3. Nf3 Nf6 4. Qc2 dxc4 5. Qxc4 Bg4 6. Nbd2 e6 {D23: Queen's Gambit Accepted: 3 Nf3 Nf6 sidelines} 7. g3 Nbd7 8. Bg2 Be7 9. O-O O-O 10. Qb3 Nb6 11. e3 {LiveBook: 4 Games} Nfd7 $146 12. Nc4 h6 13. Bd2 Bf5 ({Better is} 13... Bxf3 $11 14. Bxf3 Nxc4 15. Qxc4 e5) 14. Ba5 Be4 15. Rfd1 Bd5 16. Nfd2 Bxg2 17. Kxg2 Qc7 18. Rac1 Rfe8 19. Nf3 Bf6 20. Kg1 (20. e4 $16) 20... Qb8 $11 21. Nxb6 axb6 22. Bxb6 Nxb6 23. Qxb6 Rxa2 24. Ne5 Ra6 {[%cal Ba2a6,Ba6b6,Bb6b5][%mdl 32]} 25. Qb3 Qc7 26. Nd3 Rea8 27. Nc5 Rb6 28. Qc3 Rb5 29. Ra1 Rd8 30. Ra2 (30. b4 $11) 30... Qb6 {[#] White must now prevent ...Rxc5!} 31. Rda1 Kh7 32. Qc2+ g6 33. Ra8 ({White should try} 33. b4 $11) 33... Rxb2 $15 34. Qe4 Rxa8 35. Rxa8 Qb5 36. Qf3 $2 {[%mdl 8192] [#]} (36. Kg2 $15 Rb1 37. Qd3) 36... Rb1+ {Precision: White = 25%, Black = 39%.} 0-1

[Event "RUS-chT Blitz Women 2018"]
[Site "Sochi"]
[Date "2018.10.10"]
[Round "2"]
[White "Samusenko, Ramziya"]
[Black "Schepetkova, Margarita"]
[Result "0-1"]
[WhiteElo "2075"]
[BlackElo "2219"]
[Annotator "TA"]
[PlyCount "106"]
[EventDate "2018.10.10"]
[EventType "swiss"]
[EventCountry "RUS"]
[SourceTitle "playchess.com"]
[Source "ChessBase"]
[SourceQuality "1"]

{[%evp 13,106,-11,-8,-11,27,-17,-15,-12,-8,-47,14,-33,-34,-33,-34,-38,9,-44,0,-58,-54,-148,-166,-155,-112,-144,-138,-146,-142,-537,-517,-518,-519,-658,-656,-651,-640,-658,-637,-710,-644,-637,-643,-629,-642,-630,-620,-665,-642,-697,-662,-773,-771,-766,-765,-760,-758,-747,-739,-725,-703,-657,-647,-841,-828,-789,-766,-1525,-1110,-996,-982,-1673,-1114,-12835,-12835,-2056,-1705,-12840,-12840,-12843,-12843,-12845,-12845,-12846,-12844,-12845,-12843,-12844,-12843,-12845,-12846,-29993,-29994,-29994,-12849]} 1. e4 c6 2. d4 d5 3. e5 c5 4. c3 Nc6 5. f4 Bf5 6. Bd3 Bxd3 7. Qxd3 e6 8. Nf3 {B12: Caro-Kann: Advance Variation} Nge7 9. O-O cxd4 $146 ({Predecessor:} 9... Nf5 10. g4 Nh4 11. Nbd2 Rc8 12. a3 h5 13. g5 Nf5 14. Rd1 cxd4 15. cxd4 Nfxd4 16. Nxd4 Nxd4 {0-1 (45) Bustillo,J-Sandagsuren,G Dos Hermanas 2004}) 10. Nxd4 {The position is equal.} Nxd4 11. Qxd4 Nc6 (11... Nf5 $15 12. Qa4+ Qd7 13. Qxd7+ Kxd7) 12. Qa4 Bc5+ 13. Kh1 O-O $36 {[%mdl 2048] Black is more active.} 14. Nd2 f6 15. Qb5 (15. exf6 $11 Qxf6 16. Nf3) 15... Bb6 (15... Qb6 {is interesting.} 16. Qxb6 Bxb6 17. exf6 Rxf6 18. Nf3 e5) 16. Nf3 ({Better is} 16. exf6 $11 a6 17. Qe2 Rxf6 18. Nf3) 16... fxe5 $1 $15 17. Nxe5 (17. fxe5 $15 Qc7 18. Re1) 17... Nxe5 $17 18. fxe5 Rxf1+ 19. Qxf1 Qc7 20. Bf4 Rf8 21. Qf3 $2 {[%mdl 8192]} (21. Qc1 $17 {was the crucial defense.}) 21... Qc4 $19 22. g3 {[#]} g5 $1 {[%mdl 512]} 23. Rf1 (23. Bxg5 Rxf3) 23... gxf4 24. gxf4 Qe4 25. Qxe4 dxe4 {[%mdl 4096] Endgame KRB-KR} 26. Kg2 Kf7 27. Re1 e3 28. Kf3 Rd8 29. a4 Rd2 30. b4 a6 31. a5 Ba7 32. c4 Rf2+ 33. Ke4 Rb2 34. c5 Rxb4+ 35. Kxe3 Bxc5+ 36. Kf3 Rb2 37. Rc1 Be7 38. Rc7 Rxh2 39. Rxb7 Ra2 40. f5 exf5 41. Kf4 Rf2+ 42. Kg3 Rf1 43. e6+ Kxe6 44. Rb6+ Ke5 45. Rxa6 h5 {[%cal Bh7h5,Bh5h4,Bh4h3][%mdl 32]} 46. Rh6 h4+ 47. Kg2 Ra1 48. a6 Bg5 49. Rb6 Ra2+ 50. Kf3 Ra3+ 51. Kg2 h3+ 52. Kh2 Bf4+ 53. Kg1 Be3+ {Precision: White = 21%, Black = 62%.} (53... h2+ $142 54. Kg2 Ra2+ 55. Kh1 Ra1+ 56. Rb1 Rxb1+ 57. Kg2 h1=Q+ 58. Kf2 Qf1#) 0-1

[Event "RUS-chT Blitz Women 2018"]
[Site "Sochi"]
[Date "2018.10.10"]
[Round "2"]
[White "Sakorenko, Adriana"]
[Black "Goncharova, Natalia Olegovna"]
[Result "1-0"]
[WhiteElo "2061"]
[BlackElo "2249"]
[Annotator "TA"]
[PlyCount "115"]
[EventDate "2018.10.10"]
[EventType "swiss"]
[EventCountry "RUS"]
[SourceTitle "playchess.com"]
[Source "ChessBase"]
[SourceQuality "1"]

{[%evp 23,115,14,33,12,32,27,21,19,50,50,40,19,98,101,122,127,157,137,390,375,398,263,260,52,387,395,405,413,673,663,659,563,558,551,590,593,623,603,618,592,595,589,590,583,613,601,700,694,693,672,662,618,837,827,830,814,793,644,951,913,852,847,1030,1029,1013,1019,962,958,1524,1470,29989,29990,29991,29983,29989,29990,29990,29991,29991,29992,29992,29988,29988,29989,29988,29989,29989,29990,29990,29991,29991,29992,29993,29994]} 1. e4 e5 2. Nf3 Nc6 3. Bb5 a6 4. Ba4 Nf6 5. d3 d6 6. c3 Be7 7. O-O O-O 8. Re1 Bd7 9. Nbd2 {[%cal Bb1d2,Bd2f1,Bf1g3][%mdl 32]} b5 10. Bb3 Na5 11. Bc2 c5 12. Nf1 Qc7 {LiveBook: 3 Games} 13. Ng3 {C90: Closed Ruy Lopez with 7...d6: Early deviations} g6 14. Bg5 (14. h3 Ne8 15. d4 cxd4 16. cxd4 Nc6 17. Be3 Ng7 18. Rc1 Qb7 19. Bb3 exd4 20. Nxd4 Nxd4 21. Qxd4 {1-0 (30) Maryasin,B (2332)-Arsic,D (2153) Novi Sad 2015}) 14... Rfe8 15. Rc1 {The position is equal.} Bg4 $146 ({Predecessor:} 15... Be6 16. Bb1 Kg7 17. Qd2 Ng8 18. b4 Nb7 19. d4 f6 20. Be3 Red8 {1-0 (52) Losic,F-Obuca,B (2186) Neum 2003}) 16. h3 {Threatens to win with Bxf6.} Be6 17. d4 cxd4 (17... Bxa2 $11 {remains equal.} 18. b4 Nc6) 18. cxd4 $16 Rec8 19. b3 $36 {[%mdl 2048] White is on the roll.} Kg7 20. Qd2 Ng8 $2 {[%mdl 8192]} (20... Qd8 $16 {was worth a try.} 21. Ne2 (21. dxe5 dxe5 22. Bh6+ Kg8 $16) 21... Ng8) 21. Bxe7 $18 Nxe7 22. dxe5 dxe5 {[#]} 23. Bb1 $2 ({White has to play} 23. Nf5+ $1 $18 {[%mdl 512]} gxf5 (23... Bxf5 24. exf5) 24. exf5 Nxf5 25. Bxf5 (25. Nxe5 Qd8 $11)) 23... Qd7 $2 {[%mdl 8192]} (23... Nec6 $14) 24. Qxa5 Rxc1 25. Rxc1 Ra7 (25... Rc8 $142) 26. Nxe5 Qd4 27. Qc3 Qxc3 28. Rxc3 h5 29. Ne2 g5 30. Nd4 Bd7 31. Nxd7 Rxd7 32. Rd3 Rc7 {Black hopes to continue with ...Rc1+.} 33. Rd1 Ng6 34. g3 Ne5 35. f4 gxf4 36. gxf4 Ng6 37. Rf1 Nh4 38. f5 Rd7 39. Ne2 Rd2 40. Nf4 a5 41. Nxh5+ Kh6 42. Nf4 a4 43. bxa4 bxa4 44. e5 Kg5 45. e6 fxe6 46. fxe6 {[%cal Bf5e6,Be6e7][%mdl 32] White wants to mate with e7.} Rd8 47. e7 {White mates.} Re8 48. Nd5 Ng6 49. Bxg6 Kxg6 50. Rf8 Rxe7 51. Nxe7+ {[%mdl 4096] Endgame} Kg7 52. Ra8 Kf7 53. Nc6 Ke6 54. Rxa4 Kd6 55. Nd4 Kc5 56. h4 {[%cal Bh3h4,Bh4h5,Bh5h6][%mdl 32]} Kd5 57. h5 Kd6 58. h6 {Precision: White = 49%, Black =  5%.} 1-0

[Event "RUS-chT Blitz Women 2018"]
[Site "Sochi"]
[Date "2018.10.10"]
[Round "2"]
[White "Mamontova, Anastasia"]
[Black "Kovanova, Baira"]
[Result "0-1"]
[WhiteElo "2009"]
[BlackElo "2350"]
[Annotator "TA"]
[PlyCount "84"]
[EventDate "2018.10.10"]
[EventType "swiss"]
[EventCountry "RUS"]
[SourceTitle "playchess.com"]
[Source "ChessBase"]
[SourceQuality "1"]

{[%evp 10,83,35,33,46,23,35,35,43,24,32,24,27,3,34,39,33,39,12,18,36,20,4,10,18,-27,0,0,0,-44,-50,-56,-8,-14,15,12,14,0,0,0,8,0,0,4,27,0,0,-8,8,-180,-158,-256,-264,-269,-262,-241,0,0,0,-941,-933,-29992,-834,-834,-462,-29991,-29992,-29996,-29985,-29983,-433,-374,-390,-29998,-29997,-29999]} 1. e4 d6 2. d4 g6 3. c4 Bg7 4. Nc3 Nd7 {[%cal Bb8d7,Bd7c5,Bc5b3][%mdl 32]} 5. Nge2 e5 6. d5 {LiveBook: 14 Games. A42: Modern Defence: Averbakh Variation} Ne7 (6... a5 7. h4 h5 8. Bg5 Bf6 9. Qd2 Nc5 10. f3 Bd7 11. O-O-O Bxg5 12. hxg5 f6 13. gxf6 Qxf6 {½-½ (40) Duda,J (2724)-Moussard,J (2570) Brest 2018}) 7. Ng3 a5 8. h4 {White is slightly better.} h5 9. Be2 Nc5 10. Be3 $146 ({Predecessor:} 10. Bg5 f6 11. Be3 b6 12. a3 f5 13. Bg5 f4 {0-1 (46) Wohlfart,P (2207)-Knickel,A (2190) Germany 2012}) 10... b6 11. a3 Bd7 12. b4 axb4 13. axb4 Rxa1 14. Qxa1 Nb3 15. Qd1 Nd4 16. Bd3 Bf6 17. Bg5 Ng8 {[%cal Be7g8,Bg8f6,Bf6g4][%mdl 32]} 18. Bxf6 Nxf6 19. Bb1 Ng4 20. Qd3 O-O ({But not} 20... Qf6 $6 21. f3 $14) 21. Nge2 Qf6 22. f3 Nxe2 $1 23. Nxe2 Nh6 24. Qe3 Qg7 25. c5 bxc5 26. bxc5 f5 27. cxd6 cxd6 28. O-O fxe4 29. fxe4 $2 (29. Bxe4 $11 {and White stays safe.} Nf5 30. Qg5) 29... Ng4 30. Qg5 (30. Rxf8+ $17 {is a better defense.} Kxf8 31. Qg3) 30... Rxf1+ $19 31. Kxf1 Qf7+ 32. Ke1 {[#] intending Qd8+.} Bb5 $2 (32... Qf2+ $1 $19 33. Kd2 Kf7) 33. Qd8+ $1 $11 Kg7 {( -> ...Qf2+)} 34. Qxd6 $2 {[%mdl 8192]} (34. Qb6 $11 Bc4 35. Kd2) 34... Qf2+ $19 35. Kd1 Qxe2+ (35... Ne3+ $142 36. Kc1 Qe1+ 37. Kb2 Nc4+ 38. Ka1 Nxd6 39. Ka2 Nc4 40. Bd3 Qd2+ 41. Bc2 Qxc2+ 42. Ka1 Qb2#) 36. Kc1 Qe1+ 37. Kc2 (37. Kb2 $19 Qf2+ 38. Bc2) 37... Ne3+ 38. Kb2 Qd2+ 39. Kb3 Bc4+ (39... Qd1+ $142 40. Kb4 Qa4+ 41. Kc5 Qa3+ 42. Kxb5 Qxd6 43. Bd3 Qa3 44. Be2 Qb2+ 45. Kc6 Qxe2 46. d6 Qxg2 47. d7 Qxe4+ 48. Kc7 Qxh4 49. d8=R {[#]} Qxd8+ $1 {[%mdl 512]} 50. Kxd8 Ng4 51. Ke7 e4 52. Kd6 e3 53. Kd5 e2 54. Kc6 e1=Q 55. Kc5 h4 56. Kb6 Qb4+ 57. Kc7 h3 58. Kd7 h2 59. Ke6 h1=Q 60. Kd7 Qd5+ 61. Ke8 Qf8#) 40. Ka4 Qd1+ 41. Kb4 $2 (41. Ka5 $19 Qe1+ 42. Ka4 Bb3+ 43. Kb5 Qf1+ 44. Kc6 Ba4+ 45. Kc7 Qf7+ 46. Kc8 Qe8+ 47. Kb7) 41... Qxb1+ 42. Kc5 Qb5# {Precision: White = 36%, Black = 36%.} 0-1

[Event "RUS-chT Blitz Women 2018"]
[Site "Sochi"]
[Date "2018.10.10"]
[Round "2"]
[White "Bondareva, Daria"]
[Black "Belenkaya, Dina"]
[Result "1/2-1/2"]
[WhiteElo "1979"]
[BlackElo "2329"]
[Annotator "TA"]
[PlyCount "71"]
[EventDate "2018.10.10"]
[EventType "swiss"]
[EventCountry "RUS"]
[SourceTitle "playchess.com"]
[Source "ChessBase"]
[SourceQuality "1"]

{[%evp 17,71,0,0,0,0,0,22,0,0,0,0,0,14,0,2,3,24,0,8,7,0,-11,162,150,139,166,146,0,0,0,56,-551,322,0,0,0,0,0,1,18,47,0,0,0,0,-392,-381,-864,0,-439,-435,-423,-412,-575,-561,-514]} 1. e4 c6 2. d4 d5 3. exd5 cxd5 4. Bd3 Nc6 5. c3 Qc7 6. Nf3 Bg4 7. O-O Nf6 {B13: Caro-Kann: Exchange Variation and Panov-Botvinnik Attack} (7... e6 8. h3 Bh5 9. Re1 Bd6 10. Nbd2 Nf6 11. Nf1 O-O 12. Bg5 Rab8 13. Qe2 Rfe8 14. Qe3 Bg6 15. Ne5 Nxe5 16. dxe5 {½-½ (48) Bocharov,I (2534)-Ovetchkin,R (2540) Cheliabinsk 2017}) 8. h3 Bh5 9. Re1 e6 {LiveBook: 3 Games. The position is equal.} 10. Bg5 Bd6 11. Nbd2 Bg6 12. Qc2 O-O 13. Bxg6 hxg6 14. Qd3 Nh5 15. b4 $146 ({Predecessor:} 15. Nf1) 15... a6 16. a4 Rfc8 17. Rec1 Nf4 18. Bxf4 Bxf4 19. Kf1 Nxb4 $2 (19... Qd8 $11 {and Black stays safe.}) 20. cxb4 $18 Qxc1+ 21. Rxc1 Rxc1+ {[#]} 22. Ke2 (22. Ne1 $1 $16) 22... Rac8 $36 {[%mdl 2048] White is under pressure.} 23. g3 Bd6 (23... R8c3 $11 24. gxf4 Rxd3 25. Kxd3 Ra1) 24. b5 $2 {[%mdl 8192]} (24. Nb3 $1 $14 R1c2+ 25. Kf1) 24... a5 $4 {[%mdl 8192] [#]} (24... R8c3 $19 25. Nb3 R1c2+ 26. Qxc2 Rxc2+ 27. Kf1 axb5 28. axb5 Bb4) 25. Qb3 $2 (25. b6 $1 $18) 25... Bb4 26. Ne1 R1c3 27. Qb2 g5 28. Nb3 R3c4 29. Na1 Bc3 30. Qa2 Rxd4 {White must now prevent ...Re4+.} 31. Nac2 $2 {[%mdl 8192]} (31. Nd3 $11) 31... Rd2+ $19 32. Kf3 $2 (32. Ke3 d4+ 33. Kf3) 32... Rd1 $2 (32... Bd4 $19 33. Kg4 Rc3) 33. Qb3 $2 {[%mdl 8192]} (33. Ke2 $1 $11 {and White has nothing to worry.} Rd2+ 34. Ke3 d4+ 35. Kf3) 33... Bxe1 34. Nxe1 Rxe1 35. b6 Rec1 36. Qb5 {[%mdl 32768] Precision: White = 35%, Black = 40%. . An unexpected result.} 1/2-1/2